स्वाधीनता और समाजवाद : (Record no. 120936)

MARC details
000 -LEADER
fixed length control field 01279nam a22002657a 4500
005 - DATE AND TIME OF LATEST TRANSACTION
control field 20170124103205.0
010 ## - LIBRARY OF CONGRESS CONTROL NUMBER
LC control number B-056622
020 ## - INTERNATIONAL STANDARD BOOK NUMBER
Terms of availability 550.00
International Standard Book Number 8185999333
035 ## - SYSTEM CONTROL NUMBER
System control number B-056622
037 ## - SOURCE OF ACQUISITION
Source of stock number/acquisition Cen Lib/Ret
040 ## - CATALOGING SOURCE
Original cataloging agency DPL
Language of cataloging HN
082 ## - DEWEY DECIMAL CLASSIFICATION NUMBER
Classification number 320.5322
Item number स्वाधीन
245 ## - TITLE STATEMENT
Title स्वाधीनता और समाजवाद :
Statement of responsibility, etc संपादक रामविलास शर्मा
Remainder of title श्रीरामवृक्ष बेनीपुरी /
246 ## - VARYING FORM OF TITLE
Title proper/short title Swadhinta aur samajvad : Shriramvriksh Benipuri /
Remainder of title sampadak Ramvilas Sharma
260 ## - PUBLICATION, DISTRIBUTION, ETC. (IMPRINT)
Place of publication, distribution, etc दिल्ली
Name of publisher, distributor, etc स्वराज प्रकाशन
Date of publication, distribution, etc 2001
270 ## - ADDRESS
City दिल्ली
Address 146-डी-16, सेक्टर-7, रोहिणी
Postal code 110085
300 ## - PHYSICAL DESCRIPTION
Extent 432पृ.
Dimensions 20सेमी(सजिल्द)
500 ## - GENERAL NOTE
General note अनुक्रमाणिका शामिल
650 ## - SUBJECT ADDED ENTRY--TOPICAL TERM
Topical term or geographic name as entry element समाजवादी क्रांति -- रूस
9 (RLIN) 44951
650 ## - SUBJECT ADDED ENTRY--TOPICAL TERM
Topical term or geographic name as entry element दलित और मुस्लमान
9 (RLIN) 93465
650 ## - SUBJECT ADDED ENTRY--TOPICAL TERM
Topical term or geographic name as entry element Socialist revolution - Russia
9 (RLIN) 93466
650 ## - SUBJECT ADDED ENTRY--TOPICAL TERM
Topical term or geographic name as entry element Dalits and Muslims
9 (RLIN) 93467
700 ## - ADDED ENTRY--PERSONAL NAME
Personal name शर्मा, रामविलास
9 (RLIN) 93468
942 ## - ADDED ENTRY ELEMENTS (KOHA)
Source of classification or shelving scheme Dewey Decimal Classification
Koha item type Hindi Books
Classification part 320.5322
Call number suffix स्वाधीन
Holdings
Withdrawn status Lost status Damaged status Not for loan Home library Current library Date acquired Source of acquisition Cost, normal purchase price Total Checkouts Full call number Barcode Date last seen Copy number Cost, replacement price Price effective from Koha item type
        Central Library Central Library 29/09/2015 Cen Lib/Ret 550.00   320.5322 स्वाधीन B-056622 29/09/2015 1 550.00 29/09/2015 Hindi Books

© Delhi Public Library
Hit Counter
free hit counter